000 00543nam a2200193Ia 4500
999 _c11392
_d11392
003 OSt
005 20191228105540.0
008 190216s9999||||xx |||||||||||||| ||und||
020 _a9789332536487
040 _coclc
082 _a330.015195
_bSTU/U
100 _aStudenmund, A H
_9876
245 0 _aUsing Econometrics /
_cA H Studenmund
250 _a6th ed.
260 _bPearson Education Asia,
_c2015.
_aNoida:
300 _a560p
650 _aEconomics
942 _cBK
_2ddc
_h330.015195
_iSTU/U
_k330.015195
_mSTU/U